00301 a2200133 4500001000700000020002200007040001100029100004400040240003100084245002600115300000800141362000900149440000900158189568 a978-85-329-0741-7 cMagnum aOliveira, Miguel Henrique Nascimento de10aMundo español 1 anolpor10aMundo español 1 ano a1840 a2011 1aLê